[Event "TCh-RUS Women 2015"]
[Site "Sochi RUS"]
[Date "2015.05.02"]
[Round "2.5"]
[Board "3"]
[White "Leolko, Ludmila"]
[Black "Markelova, Lubov"]
[Result "1/2-1/2"]
[BlackTitle "WFM"]
[WhiteElo "1902"]
[BlackElo "2089"]
[WhiteTeam "Academy GM IV Glek (Moscow)"]
[BlackTeam "Rook (Kazan)"]
[WhiteFideId "24179060"]
[BlackFideId "24131369"]
[EventDate "2015.05.01"]

1. e4 e6 2. Nf3 d5 3. Nc3 Nf6 4. e5 Nfd7 5. d4 c5 6. dxc5 Nc6 7. Bf4 Bxc5 8. Bd3
f6 9. Qe2 fxe5 10. Nxe5 Ndxe5 11. Bxe5 Nxe5 12. Qxe5 O-O 13. O-O Qf6 14. Qxf6
Rxf6 15. Na4 Be7 16. Bb5 e5 17. Rfe1 e4 18. f3 a6 19. Bf1 Bb4 20. Red1 Bd7 21.
a3 Bxa4 22. axb4 Bxc2 23. Rxd5 exf3 24. gxf3 Bb3 25. Rd3 Bc4 26. Rc3 Bxf1 27.
Kxf1 Raf8 28. Kf2 Rf4 29. b5 axb5 30. Ra7 R4f7 31. Ra5 b4 32. Rb3 g6 33. Rb5 Rd8
34. R5xb4 Rd2+ 35. Kg3 Rdd7 36. Rb5 Kg7 37. Rb6 Rde7 38. Kf2 Rd7 39. Kg3 Rc7 40.
Kf2 Rc2+ 41. Kg3 Rcc7 42. Kf2 Rc2+ 43. Kg3 Rcc7 1/2-1/2

[Event "TCh-RUS Women 2015"]
[Site "Sochi RUS"]
[Date "2015.05.02"]
[Round "2.5"]
[Board "4"]
[White "Khazieva, Elza"]
[Black "Komissarova, Oksana"]
[Result "0-1"]
[WhiteTitle "WFM"]
[WhiteElo "2074"]
[BlackElo "1975"]
[WhiteTeam "Rook (Kazan)"]
[BlackTeam "Academy GM IV Glek (Moscow)"]
[WhiteFideId "4100166"]
[BlackFideId "24160733"]
[EventDate "2015.05.01"]

1. e4 e5 2. Nf3 Nc6 3. Bc4 Bc5 4. c3 Nf6 5. b4 Bb6 6. d3 d6 7. a4 a6 8. a5 Ba7
9. Qb3 O-O 10. Bg5 Qe7 11. O-O h6 12. Be3 Bd7 13. Nbd2 Rad8 14. Rfe1 Bxe3 15.
fxe3 Nh7 16. Rf1 Be6 17. Bxe6 Qxe6 18. c4 Nf6 19. Nh4 Ne7 20. b5 Rb8 21. Rab1
Nd7 22. Qc2 c6 23. bxa6 bxa6 24. Nf5 c5 25. Qa4 Rfc8 26. Nxe7+ Qxe7 27. Rxb8
Rxb8 28. Qc6 Rb2 29. Nf3 Nb8 30. Qc8+ Kh7 31. Qf5+ Kg8 32. Qg4 Qe6 33. Qg3 Nc6
34. Nh4 g6 35. h3 Rd2 36. Rb1 Nb4 37. Rb3 Rxd3 38. Rxd3 Nxd3 39. Nf3 Qxc4 40.
Qh4 Kg7 41. Qd8 Qxe4 42. Qxd6 Qxe3+ 43. Kh1 Nf2+ 44. Kh2 Qf4+ 45. Kg1 Nxh3+ 46.
gxh3 Qg3+ 47. Kh1 Qxf3+ 48. Kh2 Qf6 49. Qxc5 e4 50. Qb6 Qe6 51. Qd4+ Kh7 52. Qe3
Qe5+ 53. Kh1 Qxa5 54. Qxe4 Qa2 55. h4 Qe6 56. Qa4 Qe1+ 57. Kg2 Qe2+ 58. Kh1 Qb5
59. Qa2 Qf1+ 60. Kh2 h5 0-1

[Event "TCh-RUS Women 2015"]
[Site "Sochi RUS"]
[Date "2015.05.03"]
[Round "3.1"]
[Board "1"]
[White "Bodnaruk, Anastasia"]
[Black "Bivol, Alina"]
[Result "1-0"]
[WhiteTitle "IM"]
[BlackTitle "WIM"]
[WhiteElo "2382"]
[BlackElo "2350"]
[WhiteTeam "SDYUSSHOR Hilti (St. Petersburg)"]
[BlackTeam "Boavista (Moscow)"]
[WhiteFideId "4181751"]
[BlackFideId "4100123"]
[EventDate "2015.05.01"]

1. e4 e5 2. Nf3 Nc6 3. Bb5 a6 4. Ba4 Nf6 5. O-O b5 6. Bb3 Bb7 7. Re1 Bc5 8. c3
d6 9. d4 Bb6 10. Be3 O-O 11. Nbd2 h6 12. d5 Na5 13. Bc2 Bxe3 14. Rxe3 c6 15. b4
Nc4 16. Nxc4 bxc4 17. dxc6 Bxc6 18. Qf1 Qb6 19. Nd2 d5 20. exd5 Bxd5 21. Nxc4
Bxc4 22. Qxc4 Rfd8 23. Rxe5 Qd6 24. Qe2 Nd5 25. Re1 Nxc3 26. Qf3 Nd5 27. Bb3 Nf6
28. Re7 Qxb4 29. Bxf7+ Kh8 30. Bb3 Rac8 31. h3 Rc1 32. Rxc1 Qxe7 33. Qf5 Qb7 34.
Re1 Rc8 35. Qd3 Qb4 36. Rd1 a5 37. Be6 Re8 38. Bf7 Re1+ 39. Rxe1 Qxe1+ 40. Qf1
Qe7 41. Bg6 a4 42. Qc1 Qf8 43. a3 Nd7 44. Bb1 Qe8 45. Kf1 Nf6 46. Qc4 Qb8 47.
Bc2 Qb2 48. Qxa4 Qa1+ 49. Bd1 h5 50. g3 g6 51. Kg2 Qb2 52. Bf3 Kg7 53. Qa7+ Kh6
54. Qe3+ Kg7 55. a4 1-0

[Event "TCh-RUS Women 2015"]
[Site "Sochi RUS"]
[Date "2015.05.03"]
[Round "3.1"]
[Board "2"]
[White "Vasilevich, Irina"]
[Black "Ovod, Evgenija"]
[Result "0-1"]
[WhiteTitle "IM"]
[BlackTitle "IM"]
[WhiteElo "2316"]
[BlackElo "2325"]
[WhiteTeam "Boavista (Moscow)"]
[BlackTeam "SDYUSSHOR Hilti (St. Petersburg)"]
[WhiteFideId "4141296"]
[BlackFideId "4131827"]
[EventDate "2015.05.01"]

1. b3 e5 2. Bb2 Nc6 3. e3 Nf6 4. Bb5 Bd6 5. Na3 Na5 6. Nf3 a6 7. Be2 Qe7 8. Qc1
b5 9. c4 bxc4 10. Nxc4 Nxc4 11. bxc4 O-O 12. Rb1 Rb8 13. O-O Bb7 14. Ba1 c5 15.
d3 e4 16. dxe4 Nxe4 17. Rd1 Bc6 18. Rb3 Bc7 19. Bd3 Rbe8 20. Ra3 a5 21. h3 f5
22. Bc2 Ng5 23. Ne1 f4 24. Ba4 Nxh3+ 25. gxh3 Qg5+ 26. Kf1 fxe3 27. Rxe3 Bf4 28.
Rxe8 Bxc1 29. Rxf8+ Kxf8 30. Bxc6 dxc6 31. Nf3 Qf5 32. Ne5 Qxh3+ 33. Kg1 Bf4 34.
Rd8+ Ke7 35. Nxc6+ Ke6 36. Re8+ 0-1

[Event "TCh-RUS Women 2015"]
[Site "Sochi RUS"]
[Date "2015.05.03"]
[Round "3.1"]
[Board "3"]
[White "Belenkaya, Dina"]
[Black "Tomilova, Elena"]
[Result "0-1"]
[WhiteTitle "WFM"]
[BlackTitle "WIM"]
[WhiteElo "2259"]
[BlackElo "2292"]
[WhiteTeam "SDYUSSHOR Hilti (St. Petersburg)"]
[BlackTeam "Boavista (Moscow)"]
[WhiteFideId "24142654"]
[BlackFideId "4162340"]
[EventDate "2015.05.01"]

1. e4 d5 2. exd5 Qxd5 3. Nf3 Nf6 4. d4 g6 5. Be2 Bg7 6. O-O O-O 7. c4 Qd8 8. Nc3
c6 9. Bf4 Bf5 10. Qd2 Ne4 11. Nxe4 Bxe4 12. Rad1 Na6 13. Rfe1 Nc7 14. Ng5 Bf5
15. Qb4 h6 16. Nf3 Ne6 17. Bg3 Qb6 18. Qxb6 axb6 19. a3 g5 20. Bf1 Rfe8 21. Be5
Bg4 22. Bxg7 Bxf3 23. gxf3 Kxg7 24. d5 Nf4 25. dxc6 bxc6 26. Rd7 e6 27. Red1 Kf6
28. R1d6 Rac8 29. Bd3 Re7 30. Be4 Rxd7 31. Rxd7 Ke5 32. Kf1 f5 33. Bc2 c5 34.
Ba4 h5 35. Ke1 g4 36. Kd2 Nh3 37. fxg4 hxg4 38. f3 gxf3 39. Rh7 Rd8+ 40. Ke3 f4+
41. Kxf3 Ng5+ 0-1

[Event "TCh-RUS Women 2015"]
[Site "Sochi RUS"]
[Date "2015.05.03"]
[Round "3.1"]
[Board "4"]
[White "Drozdova, Dina"]
[Black "Balaian, Alina"]
[Result "0-1"]
[WhiteTitle "WIM"]
[BlackTitle "WIM"]
[WhiteElo "2211"]
[BlackElo "2214"]
[WhiteTeam "Boavista (Moscow)"]
[BlackTeam "SDYUSSHOR Hilti (St. Petersburg)"]
[WhiteFideId "4170695"]
[BlackFideId "24115347"]
[EventDate "2015.05.01"]

1. d4 Nf6 2. Nf3 g6 3. Bg5 Bg7 4. Nbd2 d5 5. e3 O-O 6. Bd3 c5 7. c3 Qb6 8. Qb3
Nc6 9. O-O c4 10. Qxb6 axb6 11. Bc2 Bf5 12. Bxf6 Bxc2 13. Bxg7 Kxg7 14. Ne1 Bf5
15. f3 e5 16. g4 Be6 17. h3 f5 18. dxe5 fxg4 19. fxg4 Rxf1+ 20. Kxf1 h5 21. Ng2
Nxe5 22. Nf4 Bf7 23. g5 b5 24. a3 Nd7 25. Nf3 Re8 26. Ke2 Nc5 27. Nd4 Ne4 28.
Rg1 Nd6 29. Rd1 Kf8 30. Rf1 Kg7 31. Rg1 Re7 32. Rd1 Re8 33. Nf3 Ne4 34. Nxd5 Nc5
35. Nf4 Re7 36. Rd8 Be6 37. Nd4 Bd7 38. Nd5 Re8 39. Rxe8 Bxe8 40. Nc7 Bd7 41. h4
Na4 42. Ncxb5 Nxb2 43. Nd6 b6 44. Kd2 Kf8 45. e4 Ke7 46. e5 Be6 47. Kc2 Nd3 48.
Nxe6 Nxe5 49. Nxc4 Nxc4 50. Nf4 Kf7 51. a4 Ne3+ 52. Kb3 Nf5 53. Kb4 Nxh4 54. Kb5
Nf5 55. Kxb6 Ne3 56. Kc5 Ke8 57. Nxg6 Ng2 58. a5 Kd8 59. Ne5 Nf4 60. Nf3 Ng6 61.
Kd6 h4 62. Ke6 h3 63. Kf6 Nf4 64. g6 Kc7 65. Kf5 Nh5 66. Kg4 Ng7 67. Kxh3 Kb7
68. Kg4 Ka6 69. Kg5 Kxa5 70. Nd4 Ka4 71. Kh6 Ne8 72. g7 Nf6 73. Kg6 Ng8 74. Kf7
Nh6+ 75. Kf8 Ka5 76. g8=Q Nxg8 77. Kxg8 Kb6 78. Kf7 Kc5 79. Ke6 Kc4 80. Ne2 0-1

[Event "TCh-RUS Women 2015"]
[Site "Sochi RUS"]
[Date "2015.05.03"]
[Round "3.2"]
[Board "1"]
[White "Ushenina, Anna"]
[Black "Kosteniuk, Alexandra"]
[Result "1/2-1/2"]
[WhiteTitle "GM"]
[BlackTitle "GM"]
[WhiteElo "2486"]
[BlackElo "2529"]
[WhiteTeam "Yugra (Khanty)"]
[BlackTeam "SHSM-Our Heritage (Moscow)"]
[WhiteFideId "14110911"]
[BlackFideId "4128125"]
[EventDate "2015.05.01"]

1. d4 Nf6 2. c4 e6 3. Nc3 Bb4 4. e3 O-O 5. Bd3 d5 6. Nf3 c5 7. O-O dxc4 8. Bxc4
Nc6 9. a3 Ba5 10. h3 Qe7 11. Qe2 a6 12. dxc5 Bxc3 13. bxc3 Qxc5 14. a4 Rd8 15.
Ba3 Qa5 16. e4 Nd7 17. Rfd1 Nde5 18. Nxe5 Nxe5 19. Bb4 Qc7 20. f4 Nc6 21. Rxd8+
Qxd8 22. Rd1 Bd7 23. Kh1 Qe8 24. Qd3 Rd8 25. Bd6 Rc8 26. Ba2 Na7 27. Bc5 Bxa4
28. Bxa7 Bxd1 29. Qxd1 Rxc3 30. f5 Qc8 31. Qd6 Rc6 32. Qe7 Rc7 33. Qd6 exf5 34.
exf5 Qd7 35. Qe5 Rc1+ 36. Bg1 h6 37. f6 Qd1 38. Qe8+ Kh7 39. Qe3 Qe1 40. Qd4 Rd1
41. Qc5 Rc1 42. Qd4 Rd1 43. Qc5 Rc1 1/2-1/2

[Event "TCh-RUS Women 2015"]
[Site "Sochi RUS"]
[Date "2015.05.03"]
[Round "3.2"]
[Board "2"]
[White "Gunina, Valentina"]
[Black "Pogonina, Natalija"]
[Result "1-0"]
[WhiteTitle "GM"]
[BlackTitle "WGM"]
[WhiteElo "2528"]
[BlackElo "2456"]
[WhiteTeam "SHSM-Our Heritage (Moscow)"]
[BlackTeam "Yugra (Khanty)"]
[WhiteFideId "4167570"]
[BlackFideId "4147855"]
[EventDate "2015.05.01"]

1. d4 Nf6 2. c4 e6 3. Nf3 d5 4. Nc3 Be7 5. Bg5 h6 6. Bh4 O-O 7. e3 b6 8. Qb3 Bb7
9. Bxf6 Bxf6 10. cxd5 exd5 11. Rd1 Re8 12. a3 c6 13. Bd3 Nd7 14. O-O Nf8 15.
Rfe1 Bc8 16. Qa4 Bd7 17. Bb1 b5 18. Qc2 Bg4 19. Ne2 Bxf3 20. gxf3 Qd7 21. Rc1
Rac8 22. Qf5 Qd6 23. Qf4 Qe7 24. Ng3 Ng6 25. Qg4 Nh4 26. Kh1 g6 27. Rg1 Bg7 28.
Nh5 f5 29. Qf4 Rf8 30. Nxg7 Kxg7 31. Rg3 Kh7 32. Rh3 g5 33. Qg3 c5 34. dxc5 Rxc5
35. Rg1 Qc7 36. f4 Rc1 37. fxg5 Qxg3 38. hxg3 Rxg1+ 39. Kxg1 Nf3+ 40. Kg2 Nxg5
41. Rh1 Kg6 42. g4 Ne4 43. gxf5+ Kg5 44. f3 Nd2 45. Bd3 Nc4 46. f4+ Kg4 47. Kf2
Nxb2 48. Rg1+ Kh4 49. Be2 1-0

[Event "TCh-RUS Women 2015"]
[Site "Sochi RUS"]
[Date "2015.05.03"]
[Round "3.2"]
[Board "3"]
[White "Mkrtchian, Lilit"]
[Black "Girya, Olga"]
[Result "1/2-1/2"]
[WhiteTitle "IM"]
[BlackTitle "WGM"]
[WhiteElo "2443"]
[BlackElo "2459"]
[WhiteTeam "Yugra (Khanty)"]
[BlackTeam "SHSM-Our Heritage (Moscow)"]
[WhiteFideId "13300601"]
[BlackFideId "4195752"]
[EventDate "2015.05.01"]

1. c4 c6 2. Nc3 d5 3. e3 e5 4. d4 e4 5. Qb3 Nf6 6. Bd2 Be7 7. Nh3 Bxh3 8. gxh3
Qd7 9. Bg2 O-O 10. O-O Bd6 11. cxd5 cxd5 12. f3 exf3 13. Rxf3 Nc6 14. Rxf6 gxf6
15. Nxd5 Kh8 16. Nxf6 Qe6 17. Rf1 Qxb3 18. axb3 a5 19. Bc3 Bb4 20. Nd7 Bxc3 21.
bxc3 Rfe8 22. e4 a4 23. bxa4 Rxa4 24. Rxf7 Ra1+ 25. Rf1 Ra2 26. Nf6 Rea8 27. e5
Rc2 28. Rf3 b5 29. Rg3 b4 30. cxb4 Rc1+ 31. Kf2 Ra2+ 32. Ke3 Rc3+ 33. Kf4 Rxg3
34. Kxg3 Nxd4 35. Be4 h6 36. h4 Rb2 37. Nd5 Re2 38. Nf6 Rb2 39. Nd5 Re2 40. Nf6
Kg7 41. h5 Rb2 42. Nd5 Re2 43. Nf6 Rb2 1/2-1/2

[Event "TCh-RUS Women 2015"]
[Site "Sochi RUS"]
[Date "2015.05.03"]
[Round "3.2"]
[Board "4"]
[White "Kovalevskaya, Ekaterina"]
[Black "Guseva, Marina"]
[Result "1-0"]
[WhiteTitle "IM"]
[BlackTitle "IM"]
[WhiteElo "2438"]
[BlackElo "2379"]
[WhiteTeam "SHSM-Our Heritage (Moscow)"]
[BlackTeam "Yugra (Khanty)"]
[WhiteFideId "4116704"]
[BlackFideId "4149351"]
[EventDate "2015.05.01"]

1. e4 c6 2. Nc3 d5 3. Nf3 Bg4 4. h3 Bxf3 5. Qxf3 e6 6. d4 Qb6 7. Bd3 Nf6 8. O-O
Be7 9. e5 Nfd7 10. Ne2 c5 11. c3 Nc6 12. Be3 c4 13. Bc2 Qxb2 14. Rfc1 Qb6 15. h4
Qc7 16. h5 g6 17. a4 Na5 18. Rcb1 a6 19. g3 Rb8 20. Kg2 g5 21. h6 Nf8 22. Qh5
Rg8 23. Rf1 Nc6 24. f4 gxf4 25. Nxf4 Ng6 26. Qh3 Nd8 27. Nh5 b6 28. Ng7+ Kd7 29.
Rxf7 Nxf7 30. Qxe6+ Kd8 31. Qxf7 Rf8 32. Ne6+ Kd7 33. Nxf8+ Rxf8 34. Qxd5+ Kc8
35. Bxg6 hxg6 36. Rf1 1-0

[Event "TCh-RUS Women 2015"]
[Site "Sochi RUS"]
[Date "2015.05.03"]
[Round "3.3"]
[Board "1"]
[White "Iljushina, Olga"]
[Black "Pustovoitova, Daria"]
[Result "0-1"]
[WhiteTitle "WGM"]
[BlackTitle "FM"]
[WhiteElo "2300"]
[BlackElo "2339"]
[WhiteTeam "Grozny (Chechnya)"]
[BlackTeam "University (Belorechensk)"]
[WhiteFideId "4152280"]
[BlackFideId "4182146"]
[EventDate "2015.05.01"]

1. d4 Nf6 2. c4 e6 3. Nc3 Bb4 4. Nf3 b6 5. Bg5 Bb7 6. e3 h6 7. Bxf6 Qxf6 8. Be2
O-O 9. Qc2 c5 10. O-O cxd4 11. Nxd4 Nc6 12. Rad1 Bxc3 13. Qxc3 Ne5 14. Nb5 d5
15. cxd5 Rac8 16. Qd4 Bxd5 17. Nc3 Bc6 18. f4 Qg6 19. e4 Nd7 20. Bf3 e5 21. fxe5
Qe6 22. Be2 Nxe5 23. Rf5 f6 24. Rff1 Rf7 25. Ba6 Re8 26. Qd6 Rfe7 27. Qxe6+ Rxe6
28. Rd2 Kf8 29. Rfd1 Nf7 30. Bc4 Re5 31. Bd5 Bxd5 32. exd5 Nd6 33. Rd4 R8e7 34.
a4 Rd7 35. Kf2 f5 36. Re1 Rxe1 37. Kxe1 Kf7 38. Kf2 Kf6 39. a5 bxa5 40. Ra4 Rb7
41. Rxa5 Rxb2+ 42. Ne2 Ke5 43. g3 Ne4+ 44. Kf1 Nd2+ 45. Ke1 Nf3+ 46. Kf1 Nxh2+
47. Ke1 Nf3+ 48. Kf1 Nd2+ 49. Ke1 Ne4 50. Kf1 Rb7 51. Kg2 g5 52. d6+ Kxd6 53.
Nd4 Rb2+ 54. Kg1 Nxg3 55. Nb5+ Ke5 56. Nxa7+ Kf4 57. Nc6 Kg4 58. Nd4 Kh3 59. Nc2
Rxc2 60. Ra2 Ne2+ 0-1

[Event "TCh-RUS Women 2015"]
[Site "Sochi RUS"]
[Date "2015.05.03"]
[Round "3.3"]
[Board "2"]
[White "Nakhbayeva, Guliskhan"]
[Black "Dordzhieva, Dinara"]
[Result "1-0"]
[WhiteTitle "WGM"]
[BlackTitle "WIM"]
[WhiteElo "2329"]
[BlackElo "2272"]
[WhiteTeam "University (Belorechensk)"]
[BlackTeam "Grozny (Chechnya)"]
[WhiteFideId "13704788"]
[BlackFideId "24157570"]
[EventDate "2015.05.01"]

1. d4 f5 2. Nf3 Nf6 3. g3 g6 4. Bg2 Bg7 5. O-O O-O 6. c4 d6 7. Nc3 c6 8. b3 Qa5
9. Bb2 e5 10. dxe5 dxe5 11. e4 f4 12. Qc2 Bg4 13. a3 Qc7 14. h3 Be6 15. Rad1 Kh8
16. Nxe5 Qxe5 17. Nd5 Qxb2 18. Qxb2 cxd5 19. e5 Nfd7 20. gxf4 Rxf4 21. Rfe1 Nxe5
22. cxd5 Bg8 23. Qc1 g5 24. Qc8 Rf8 25. Qxb7 Nbd7 26. b4 a5 27. bxa5 Rxa5 28.
Re3 Ra4 29. Rc1 Raf4 30. Rc2 h6 31. Ra2 Nc5 32. Qb5 Ncd7 33. a4 Rb8 34. Qe2 Rb1+
35. Kh2 g4 36. Kg3 Rd4 37. a5 gxh3 38. Kxh3 Ng6 39. Qc2 Nf4+ 40. Kh2 Rb8 41. Re7
Nxd5 42. Rxd7 Be5+ 43. Kg1 Ne3 44. fxe3 Rxd7 45. Qf5 Rd1+ 46. Bf1 Bg7 47. Rf2
Rd5 48. Qf4 Rg5+ 49. Rg2 Rf8 50. Qb4 Re5 51. e4 Bh7 52. Bd3 Rd8 53. a6 Ree8 54.
Qb7 Bd4+ 55. Kh1 Be5 56. Bc2 Rb8 57. Qf7 Rf8 58. Qd5 Rfe8 59. a7 Rbd8 60. Qb7
Rc8 61. Bb3 Rc1+ 62. Rg1 Rxg1+ 63. Kxg1 Bd4+ 64. Kf1 Bxa7 65. Qxa7 Bxe4 66. Qd4+ 1-0

[Event "TCh-RUS Women 2015"]
[Site "Sochi RUS"]
[Date "2015.05.03"]
[Round "3.3"]
[Board "3"]
[White "Lingur, Zalina"]
[Black "Bronnikova, Elizaveta"]
[Result "0-1"]
[WhiteTitle "WFM"]
[BlackTitle "WIM"]
[WhiteElo "2126"]
[BlackElo "2245"]
[WhiteTeam "Grozny (Chechnya)"]
[BlackTeam "University (Belorechensk)"]
[WhiteFideId "34165670"]
[BlackFideId "4157087"]
[EventDate "2015.05.01"]

1. e4 Nf6 2. e5 Nd5 3. d4 d6 4. c4 Nb6 5. exd6 exd6 6. Nc3 Be7 7. Bd3 Bf6 8.
Nge2 Nc6 9. Be3 O-O 10. b3 Re8 11. O-O Bg4 12. Qd2 Bxe2 13. Bxe2 d5 14. c5 Nc8
15. Bg4 N8e7 16. Ne2 Ng6 17. g3 Nf8 18. b4 a6 19. a4 a5 20. b5 Nb4 21. Nf4 g6
22. Rfe1 Bg7 23. Rad1 f5 24. Bf3 c6 25. Nd3 Nxd3 26. Qxd3 Qf6 27. Be2 Re4 28. f3
Re7 29. Bf4 Nd7 30. Qd2 Rae8 31. Kf2 h6 32. h4 Kh7 33. Qxa5 g5 34. hxg5 hxg5 35.
Bc1 Qh6 36. Rh1 Rxe2+ 37. Kg1 Bxd4+ 38. Rxd4 Re1+ 39. Qxe1 0-1

[Event "TCh-RUS Women 2015"]
[Site "Sochi RUS"]
[Date "2015.05.03"]
[Round "3.3"]
[Board "4"]
[White "Baraeva, Irina"]
[Black "Protopopova, Anastasiya"]
[Result "0-1"]
[WhiteTitle "WIM"]
[BlackTitle "WFM"]
[WhiteElo "2173"]
[BlackElo "2093"]
[WhiteTeam "University (Belorechensk)"]
[BlackTeam "Grozny (Chechnya)"]
[WhiteFideId "24142565"]
[BlackFideId "24172073"]
[EventDate "2015.05.01"]

1. d4 Nf6 2. c4 e6 3. Nf3 b6 4. g3 Ba6 5. b3 d5 6. cxd5 exd5 7. Bg2 Bb4+ 8. Bd2
Bd6 9. Nc3 O-O 10. O-O Re8 11. Re1 Bb7 12. Nb5 Bf8 13. Bf4 Na6 14. Qc2 c6 15.
Nc3 h6 16. Ne5 c5 17. dxc5 g5 18. c6 Bc8 19. Nd7 Nb4 20. Qc1 gxf4 21. a3 Nxc6
22. Nxf6+ Qxf6 23. Nxd5 Qd6 24. Qxf4 Qxf4 25. gxf4 Re6 26. Nc7 Rg6 27. Nxa8 Bh3
28. Rec1 Bxg2 29. e3 Ne7 30. Nc7 Nf5 31. f3 Bc5 32. Rxc5 bxc5 33. Kf2 Bh3 34.
Rg1 Rxg1 35. Kxg1 Nxe3 36. Kf2 Nc2 37. Nd5 Be6 0-1

[Event "TCh-RUS Women 2015"]
[Site "Sochi RUS"]
[Date "2015.05.03"]
[Round "3.4"]
[Board "1"]
[White "Ambartsumova, Karina"]
[Black "Travkina, Anastasia"]
[Result "1-0"]
[WhiteTitle "WGM"]
[BlackTitle "WFM"]
[WhiteElo "2346"]
[BlackElo "2225"]
[WhiteTeam "Rook (Kazan)"]
[BlackTeam "Donchanka (Rostov region)"]
[WhiteFideId "4166299"]
[BlackFideId "24129151"]
[EventDate "2015.05.01"]

1. e4 c5 2. Nf3 d6 3. d4 cxd4 4. Nxd4 Nf6 5. Nc3 g6 6. Be3 Bg7 7. f3 O-O 8. Bc4
Nc6 9. Bb3 Bd7 10. h4 h5 11. Qd2 Rc8 12. O-O-O Ne5 13. Bg5 Rc5 14. Kb1 b5 15. g4
Nc4 16. Bxc4 bxc4 17. Bxf6 Bxf6 18. Nd5 e6 19. Nxf6+ Qxf6 20. g5 Qe7 21. Ne2 Rc6
22. Qa5 Ra8 23. Qa3 Qf8 24. Rd2 a5 25. Rhd1 Raa6 26. Qc3 a4 27. a3 Rab6 28. Ka1
Qb8 29. Rb1 Rc5 30. Nc1 Rc7 31. Na2 Bb5 32. Rbd1 Rd7 33. Nb4 Qd8 34. Qe3 Qb8 35.
c3 Qc7 36. f4 Re7 37. Qf2 Be8 38. Rd4 Qc5 39. Qd2 Rd7 40. Qe2 Rc7 41. Ka2 Rc8
42. Qd2 Rd8 43. Qe2 Rc8 44. Ka1 Bb5 45. Qd2 Rd8 46. Qe1 Rdb8 47. R1d2 Re8 48.
Rd1 Reb8 49. Ka2 Rc8 50. Qd2 Rd8 51. Rf1 Rb7 52. Rd1 Rb6 53. Qe2 Re8 54. Qd2 Rd8
55. e5 d5 56. Qe2 Kg7 57. Qe1 Re8 58. Qg3 Bc6 59. Qg1 Qb5 60. R4d2 Ba8 61. Qd4
Kg8 62. Re1 Bb7 63. Qf2 Ba8 64. Rd4 Bb7 65. Red1 Ba8 66. R1d2 Bb7 67. Qe2 Ba8
68. f5 exf5 69. Rxd5 Bxd5 70. Rxd5 Ree6 71. Rxb5 Rxb5 72. Qxc4 Rbxe5 73. Nd5 Kg7
74. Qd4 f6 75. Nxf6 Kf7 76. Qd8 f4 77. Nd7 f3 78. Qf8# 1-0

[Event "TCh-RUS Women 2015"]
[Site "Sochi RUS"]
[Date "2015.05.03"]
[Round "3.4"]
[Board "2"]
[White "Sukhareva, Evgeniya"]
[Black "Shaydullina, Sandugach"]
[Result "1/2-1/2"]
[BlackTitle "WGM"]
[WhiteElo "2169"]
[BlackElo "2103"]
[WhiteTeam "Donchanka (Rostov region)"]
[BlackTeam "Rook (Kazan)"]
[WhiteFideId "4167155"]
[BlackFideId "4140389"]
[EventDate "2015.05.01"]

1. d4 d5 2. Nf3 Nf6 3. c4 dxc4 4. e3 e6 5. Bxc4 a6 6. a4 c5 7. O-O Nc6 8. Qe2
Qc7 9. Rd1 Bd6 10. Nc3 O-O 11. h3 Bd7 12. Bd2 Rac8 13. Rac1 cxd4 14. exd4 Nxd4
15. Nxd4 Qxc4 16. Qxc4 Rxc4 17. Bg5 Be5 18. Nf3 Bxc3 19. Bxf6 Bxa4 20. Bxc3 Bxd1
21. Rxd1 f6 22. Rd7 Rf7 23. Rd8+ Rf8 24. Rd6 Re8 25. Nd4 Kf7 26. Rb6 Re7 27. Kf1
g6 28. Ke2 e5 29. Nc2 Rcc7 30. Ne3 Re6 31. Rb4 b5 32. Rb3 Rd6 33. Ra3 Ke6 34.
Ra5 Kd7 35. Nc2 Kc8 36. Nb4 Kb7 37. f3 Rc4 38. Ke3 Rc8 39. Ra1 Rcd8 40. Ke2 R8d7
41. Nc2 Rd8 42. Ne3 R8d7 43. Nf1 Rb6 44. Bb4 Rc6 45. Ne3 Re6 46. Bc5 f5 47. Nf1
e4 48. f4 Rd3 49. b4 Re8 50. Ne3 Red8 51. Ra2 Rc3 52. Nd1 Rc1 53. Ne3 Rd3 54.
Kf2 Rb1 55. Ke2 Rg1 56. Kf2 Rc1 57. Ke2 Rg1 58. Kf2 Rc1 59. Ke2 1/2-1/2

[Event "TCh-RUS Women 2015"]
[Site "Sochi RUS"]
[Date "2015.05.03"]
[Round "3.4"]
[Board "3"]
[White "Markelova, Lubov"]
[Black "Petrova, Olga"]
[Result "0-1"]
[WhiteTitle "WFM"]
[WhiteElo "2089"]
[BlackElo "2176"]
[WhiteTeam "Rook (Kazan)"]
[BlackTeam "Donchanka (Rostov region)"]
[WhiteFideId "24131369"]
[BlackFideId "24117196"]
[EventDate "2015.05.01"]

1. Nf3 Nf6 2. c4 g6 3. Nc3 Bg7 4. e4 d6 5. d4 O-O 6. Be2 e5 7. d5 a5 8. Bg5 h6
9. Bh4 g5 10. Bg3 Nh5 11. h4 g4 12. Nh2 Nxg3 13. fxg3 h5 14. O-O Na6 15. Bd3 Bh6
16. Qe2 Nc5 17. Rf2 Kg7 18. Nf1 c6 19. Re1 Qb6 20. Bb1 a4 21. Ne3 f6 22. Kh2 Qb4
23. Nf5+ Bxf5 24. Rxf5 Kg6 25. Ref1 a3 26. Qf2 Bg7 27. Rxh5 Rh8 28. Qf5+ Kf7 29.
Rg5 Rh6 30. Qxg4 Rg8 31. Rh5 axb2 32. Rxh6 Bxh6 33. Qf3 Bg7 34. Nd1 Qxc4 35. Ne3
Qb4 36. Ng4 Ke7 37. Qf5 Rf8 38. h5 Qd2 39. Qg6 Rf7 40. h6 Bh8 41. Qf5 Qc1 42.
Kg1 Kd8 43. h7 Na4 44. Qg6 Rf8 45. Qg8 Re8 46. Qf7 Nc3 47. Qxb7 cxd5 48. Qb8+
Ke7 49. Qc7+ Kf8 50. Qxd6+ Kf7 51. Qd7+ Re7 52. Nxe5+ Kf8 53. Ng6+ Kg7 54. Qxe7+
Kxg6 55. e5+ Nxb1 56. e6 Nd2 57. Qe8+ Kxh7 58. Qh5+ Kg7 59. Qf7+ Kh6 60. e7
Qxf1+ 61. Kh2 b1=Q 0-1

[Event "TCh-RUS Women 2015"]
[Site "Sochi RUS"]
[Date "2015.05.03"]
[Round "3.4"]
[Board "4"]
[White "Berdychevskaya, Natasha"]
[Black "Belova, Olga"]
[Result "0-1"]
[WhiteTitle "WFM"]
[BlackTitle "WFM"]
[WhiteElo "2229"]
[BlackElo "2013"]
[WhiteTeam "Donchanka (Rostov region)"]
[BlackTeam "Rook (Kazan)"]
[WhiteFideId "4159322"]
[BlackFideId "4138422"]
[EventDate "2015.05.01"]

1. e4 e5 2. Nf3 Nc6 3. Bb5 a6 4. Ba4 Nf6 5. O-O b5 6. Bb3 Bc5 7. c3 d6 8. d4 Bb6
9. a4 Rb8 10. axb5 axb5 11. Na3 O-O 12. Nxb5 Bg4 13. Bc2 Bxf3 14. gxf3 Nh5 15.
f4 Nxf4 16. Bxf4 exf4 17. Qg4 Qf6 18. b4 Ne7 19. Na3 Ra8 20. Nc4 Rxa1 21. Rxa1
Bxd4 22. b5 Bxf2+ 23. Kxf2 Qxc3 24. Rc1 Qxc4 25. Qe2 Qc5+ 26. Kf1 Rb8 27. Rb1
Ng6 28. Rb3 Ra8 29. Bb1 Qc1+ 30. Kg2 Ne5 31. Qc2 f3+ 32. Kf2 Qh1 33. Qxc7 Qxh2+
34. Ke3 Qe2+ 35. Kd4 Qd1+ 36. Kc3 f2 37. Bc2 Qa1+ 0-1